Superbowl Starting QBs - Statistics

General Stats
  • This quiz has been taken 3,506 times
    1,388 since last reset
  • The average score is 31 of 67
Answer Stats
QB College DOB (YYYY/MM/DD) % Correct
Tom Brady Michigan 1977/08/03
95%
Patrick Mahomes Texas Tech 1995/09/17
94%
Eli Manning Mississippi 1981/01/03
90%
Peyton Manning Tennessee 1976/03/24
90%
Aaron Rodgers California 1983/12/02
83%
Jalen Hurts Alabama, Oklahoma 1998/08/07
83%
Matthew Stafford Georgia 1988/02/07
83%
Joe Burrow Ohio State, LSU 1996/12/10
81%
Brock Purdy Iowa State 1999/12/27
80%
Ben Roethlisberger Miami (OH) 1982/03/02
78%
Russell Wilson NC State, Wisconsin 1988/11/29
78%
Joe Montana Notre Dame 1956/06/11
76%
Cam Newton Auburn 1989/05/11
75%
Drew Brees Purdue 1979/01/15
75%
Joe Flacco Pittsburgh, Delaware 1985/01/16
72%
Jared Goff California 1994/10/14
71%
Nick Foles Arizona 1989/01/20
69%
Brett Favre Southern Mississippi 1969/10/10
68%
Matt Ryan Boston College 1985/05/17
68%
Steve Young BYU 1961/10/11
65%
Dan Marino Pittsburgh 1961/09/15
64%
Bart Starr Alabama 1934/01/09
62%
Kurt Warner Northern Iowa 1971/06/22
62%
Terry Bradshaw Louisiana Tech 1948/09/02
62%
John Elway Stanford 1960/06/28
61%
Troy Aikman Oklahoma, UCLA 1966/11/21
60%
Joe Namath Alabama 1943/05/31
57%
Colin Kaepernick Nevada 1987/11/03
51%
Roger Staubach Navy 1942/02/05
51%
Jimmy Garoppolo Eastern Illinois 1991/11/02
50%
Johnny Unitas Louisville 1933/05/07
50%
Jim Kelly Miami (FL) 1960/02/14
47%
Donovan McNabb Syracuse 1976/11/25
45%
Brad Johnson Florida State 1968/09/13
43%
Fran Tarkenton Georgia 1940/02/03
38%
Steve McNair Alcorn State 1973/02/14
38%
Doug Williams Grambling 1955/08/09
37%
Joe Theismann Notre Dame 1949/09/09
36%
Drew Bledsoe Washington State 1972/02/14
35%
Phil Simms Morehead State 1954/11/03
35%
Len Dawson Purdue 1935/06/20
34%
Trent Dilfer Fresno State 1972/03/13
34%
Bob Griese Purdue 1945/02/03
33%
Jim McMahon BYU 1959/08/21
30%
Ken Stabler Alabama 1945/12/25
30%
Rich Gannon Delaware 1965/12/20
30%
Jim Plunkett Stanford 1947/12/05
28%
Rex Grossman Florida 1980/08/23
28%
Boomer Esiason Maryland 1961/04/17
26%
Matt Hasselbeck Boston College 1975/09/25
26%
Jake Delhomme Louisiana-Lafayette 1975/01/10
24%
Mark Rypien Washington State 1962/10/02
24%
Ken Anderson Augustana (IL) 1949/02/15
22%
Jeff Hostetler Penn State, West Virginia 1961/04/22
21%
Kerry Collins Penn State 1972/12/30
21%
Earl Morrall Michigan State 1934/05/17
14%
Neil O'Donnell Maryland 1966/07/03
14%
Ron Jaworski Youngstown State 1951/03/23
14%
Chris Chandler Washington 1965/10/12
13%
Craig Morton California 1943/02/05
12%
Daryle Lamonica Notre Dame 1941/07/17
12%
Tony Eason Illinois 1959/10/08
12%
Stan Humphries NE Louisiana 1965/04/14
11%
Joe Kapp California 1938/03/19
10%
Vince Ferragamo California, Nebraska 1954/04/24
8%
Bill Kilmer UCLA 1939/09/05
7%
David Woodley Louisiana State 1958/10/25
6%
No matching quizzes found
Score Distribution
Percent of People with Each Score
Percentile by Number Answered
Your Score History
You have not taken this quiz since the last reset